Normal view
MARC view
- Iftikhar,Shahira, Raza,Sheher Bano & Mumtaz,Zainab
Entry Personal Name
001 - CONTROL NUMBER
- control field: 4912
003 - CONTROL NUMBER IDENTIFIER
- control field: NUST
005 - DATE AND TIME OF LATEST TRANSACTION
- control field: 20170922160804.0
008 - FIXED-LENGTH DATA ELEMENTS
- fixed length control field: 170922|| aca||aabn | a|a d
040 ## - CATALOGING SOURCE
- Original cataloging agency: NUST
- Transcribing agency: NUST
100 ## - HEADING--PERSONAL NAME
- Personal name: Iftikhar,Shahira, Raza,Sheher Bano & Mumtaz,Zainab
670 ## - SOURCE DATA FOUND
- Source citation: Work cat.: (NUST): Iftikhar,Shahira, Raza,Sheher Bano & Mumtaz,Zainab, An Analysis of youth participation in labour market of Pakistan , 2017
